000 00538nam a2200193 4500
999 _c171842
_d171842
005 20200121170151.0
010 _aENG-127495
020 _c250.00
_a9788187649908
035 _aEN-111027
037 _bDBAD/PUB
082 _aS
100 _aFelton,Monica
245 _aWater
_cby Monica Felton
260 _aNew Delhi
_bKatha Urdu Library
_c1998
270 _aA-3 Sarvodaya Enclave Sri Aurobindo Marg
_bNew Delhi
_e110017
300 _a246p.
_c21cm(pbk)
500 _aincludes bibliographical references
942 _2ddc
_cEN
_hS
_mFEL